00429nam a2200181Ia 4500008004100000020001800041245003600059245002300095260001500118260001600133260000900149300001600158300002500174300001000199440002300209440000700232500000800239170705s9999 xx 000 0 und d a9780545289887 aHaunted castle on hallows eve / cMary Pope Osborne. aNew York : bScholastic, c2003 a113 pages : bcolor illustration ; c19cm. aMagic tree house ; v30 a390